| 000 | 01127nam a22003251i 4500 | ||
|---|---|---|---|
| 001 | 21784 | ||
| 003 | VRT | ||
| 005 | 20260309144147.0 | ||
| 008 | 240126s1991 xo a r 001 slo d | ||
| 020 | _a8071342041 | ||
| 035 | _a(SVKBBclas03)vtls000016263 | ||
| 039 | 9 |
_a202401261538 _bVLOAD _c201806221145 _dAUTHORITY _c201210211440 _dvsvkbb08 |
|
| 040 |
_aSVKBB _bslo _cSVKBB _eAACR2 |
||
| 041 | 1 |
_aslo _hger |
|
| 044 |
_axo _cSK |
||
| 080 | _a830-93-1=854 | ||
| 080 | _a830-93-3=854 | ||
| 245 | 0 | 0 |
_a365 rozprávok a básničiek na dobrú noc _cZ nem. orig. prel. prózu Valéria Malíková, Mariana Oravcová, Gabriela Szalayová; verše prebás. Rudolf Čižmárik |
| 250 | _a1. vyd. | ||
| 260 |
_aBratislava _bEgmont _c1991 |
||
| 300 |
_a237 s. _bReg., ilustr. |
||
| 653 | _arozprávky nemecké. | ||
| 653 | _abásne nemecké pre deti. | ||
| 700 | 1 |
_aMalíková, Valéria. _4prekl. |
|
| 700 | 1 |
_aOravcová, Marianna, _d1950- _4prekl. |
|
| 700 | 1 |
_aSzalayová, Gabriela. _4prekl. |
|
| 700 | 1 |
_aČižmárik, Rudolf, _d1949-2008 _4prekl. |
|
| 942 |
_2ddc _cKLDE _n0 |
||
| 949 |
_6270001000056927 _asvkbbC 33285 _bsvkbbm 567852 |
||
| 999 |
_c21784 _d21784 |
||